000 00360 a2200169 4500
001 153031
020 _a850806831X
040 _cEscola São Tomás de Aquino
100 _aALENCAR, José de
240 1 0 _aO gaúcho
_lpor
245 1 0 _aO gaúcho
300 _a208
362 0 _a2002
440 1 _aÁtica
697 _aLITERATURA BRASILEIRA
942 _cBK
999 _c153031
_d153031